<?xml version="1.0" encoding="UTF-8"?>
<record
    xmlns:xsi="http://www.w3.org/2001/XMLSchema-instance"
    xsi:schemaLocation="http://www.loc.gov/MARC21/slim http://www.loc.gov/standards/marcxml/schema/MARC21slim.xsd"
    xmlns="http://www.loc.gov/MARC21/slim">

  <leader>00766nam a22002297a 4500</leader>
  <controlfield tag="005">20100727140359.0</controlfield>
  <datafield tag="010" ind1=" " ind2=" ">
    <subfield code="a">ENG-97118</subfield>
  </datafield>
  <datafield tag="020" ind1=" " ind2=" ">
    <subfield code="c">105.00</subfield>
    <subfield code="a">819072987x</subfield>
  </datafield>
  <datafield tag="020" ind1=" " ind2=" ">
    <subfield code="c">105.00</subfield>
    <subfield code="a">9788190729871</subfield>
  </datafield>
  <datafield tag="035" ind1=" " ind2=" ">
    <subfield code="a">EN-80651</subfield>
  </datafield>
  <datafield tag="037" ind1=" " ind2=" ">
    <subfield code="b">DBAD/PUB</subfield>
  </datafield>
  <datafield tag="082" ind1=" " ind2=" ">
    <subfield code="a">005.11</subfield>
  </datafield>
  <datafield tag="100" ind1=" " ind2=" ">
    <subfield code="a">Raja, Ramesh M.</subfield>
    <subfield code="9">3523</subfield>
  </datafield>
  <datafield tag="245" ind1=" " ind2=" ">
    <subfield code="a">Object oriented programming :</subfield>
    <subfield code="c">by Ramesh Raja</subfield>
    <subfield code="b">analysis and design /</subfield>
  </datafield>
  <datafield tag="260" ind1=" " ind2=" ">
    <subfield code="a">Pollachi</subfield>
    <subfield code="b">Ethir Veliyeedu</subfield>
    <subfield code="c">2008</subfield>
  </datafield>
  <datafield tag="270" ind1=" " ind2=" ">
    <subfield code="a">305 Police station road </subfield>
    <subfield code="e">642001</subfield>
  </datafield>
  <datafield tag="300" ind1=" " ind2=" ">
    <subfield code="a">154p.</subfield>
    <subfield code="c">23cm (Hb)</subfield>
  </datafield>
  <datafield tag="700" ind1=" " ind2=" ">
    <subfield code="9">1608</subfield>
  </datafield>
  <datafield tag="700" ind1=" " ind2=" ">
    <subfield code="9">1647</subfield>
  </datafield>
  <datafield tag="942" ind1=" " ind2=" ">
    <subfield code="2">ddc</subfield>
    <subfield code="c">EN</subfield>
    <subfield code="m">PAD</subfield>
    <subfield code="h">005.11</subfield>
  </datafield>
  <datafield tag="999" ind1=" " ind2=" ">
    <subfield code="c">37921</subfield>
    <subfield code="d">37921</subfield>
  </datafield>
  <datafield tag="952" ind1=" " ind2=" ">
    <subfield code="0">0</subfield>
    <subfield code="1">0</subfield>
    <subfield code="4">0</subfield>
    <subfield code="7">1</subfield>
    <subfield code="8">NFIC</subfield>
    <subfield code="a">DBAD</subfield>
    <subfield code="b">DBAD</subfield>
    <subfield code="d">2010-07-27</subfield>
    <subfield code="e">DBAD/PUB</subfield>
    <subfield code="g">105.00</subfield>
    <subfield code="l">0</subfield>
    <subfield code="o">005.11 PAD</subfield>
    <subfield code="p">EN-80651</subfield>
    <subfield code="r">2010-07-27 00:00:00</subfield>
    <subfield code="t">1</subfield>
    <subfield code="v">105.00</subfield>
    <subfield code="y">EN</subfield>
  </datafield>
</record>
